| 000 | 00859nam a2200217Ii 4500 | ||
|---|---|---|---|
| 003 | JO-AjNU | ||
| 008 | 230605s9999||||xx |||||||||||||| ||und|| | ||
| 017 | _a2003/9/1926 | ||
| 040 |
_aJO-AjNU _bara _erda _cJO-AjNU |
||
| 041 | _aara | ||
| 050 | 1 | 4 | _aBP130.4M87 2005 |
| 100 | 3 |
_aتاليف مصطفى، أسامة نعيم؛ تدقيق لغوي ياسر خالد سلامة, _eauthor _920161 |
|
| 245 | 0 | 0 | _aمن فتاوى الرسول صلى الله عليه وسلم للنساء |
| 250 | _aط1 | ||
| 264 | 3 | 1 | _aعمان: دار الاسراء، 2005 |
| 300 | _a80ص | ||
| 336 |
_atext _btxt _2rdacontent |
||
| 337 |
_aunmediated _bn _2rdamedia |
||
| 338 |
_avolume _bnc _2rdacarrier |
||
| 650 | 4 |
_aالمراة المسلمة - الفقة الاسلامي - الفتاوى للنساء - الحديث الشريف - السيرة النبوية _920162 |
|
| 999 |
_aA6785 _c10353 _d10353 |
||